| 000 | 00671nam a2200229Ia 4500 | ||
|---|---|---|---|
| 003 | OSt | ||
| 005 | 20221005070111.0 | ||
| 006 | a|||||r|||| 00| 0 | ||
| 007 | ta | ||
| 008 | 221004b |||||||| |||| 00| 0 eng d | ||
| 024 | _a121749 | ||
| 037 |
_bGift, 06/10/2012, _cTextual |
||
| 040 |
_aCRL _cCRL _beng |
||
| 041 |
_2eng _aeng |
||
| 082 | _aD416, N4 | ||
| 100 |
_aRaina V K _9605311 |
||
| 245 | 0 |
_aConcrete bridge _b Inspection, repair, stenghening, testing and load capacity evaluation |
|
| 260 |
_aMumbai _bShroff Pub _c1994 |
||
| 650 | _aENGINEERING | ||
| 942 |
_hD416, N4 _cTEXL _2cc |
||
| 999 |
_c975681 _d975681 |
||